México : (Record no. 108284)

MARC details
000 -CABECERA
campo de control de longitud fija 00715nam a2200217 a 4500
005 - FECHA Y HORA DE LA ÚLTIMA TRANSACCIÓN
campo de control 20230607063614.0
008 - ELEMENTOS DE LONGITUD FIJA--INFORMACIÓN GENERAL
campo de control de longitud fija 041104s1987 mx r 000 0 spa d
020 ## - NÚMERO INTERNACIONAL NORMALIZADO PARA LIBROS
Número Internacional Estándar del Libro 9682913543
035 ## - NÚMERO DE CONTROL DEL SISTEMA
Número de control de sistema UPN01000136133
049 ## - COLECCIÓN
Colección CG
050 #4 - SIGNATURA TOPOGRÁFICA DE LA BIBLIOTECA DEL CONGRESO
Número de clasificación HT384 M6
Número de documento/Ítem M4.5
100 1# - ASIENTO PRINCIPAL--NOMBRE PERSONAL
Nombre de persona Messmacher Linartas, Miguel,
Fechas asociadas al nombre 1972-
9 (RLIN) 29312
245 10 - MENCIÓN DE TÍTULO
Título México :
Resto del título megalópolis : evolución y dinámica de los municipios conurbados de la ciudad de México /
Mención de responsabilidad, etc. Miguel Messmacher.
260 ## - PUBLICACIÓN, DISTRIBUCIÓN, ETC.
Lugar de publicación, distribución, etc. México :
Nombre del editor, distribuidor, etc. SEP,
Fecha de publicación, distribución, etc. 1987.
300 ## - DESCRIPCIÓN FÍSICA
Extensión 281 p.
440 #0 - MENCIÓN DE SERIE/ASIENTO SECUNDARIO--TÍTULO
Título Foro 2000
650 #4 - ASIENTO SECUNDARIO DE MATERIA - TERMINO TEMATICO
Término de materia o nombre geográfico como elemento de entrada URBANIZACION -
Subdivisión geográfica MEXICO
9 (RLIN) 17389
651 #4 - ASIENTO SECUNDARIO DE MATERIA - NOMBRE GEOGRAFICO
Nombre geográfico Ciudad de México
Subdivisión geográfica Área metropolitana
9 (RLIN) 17468
650 #4 - ASIENTO SECUNDARIO DE MATERIA - TERMINO TEMATICO
Término de materia o nombre geográfico como elemento de entrada CIUDADES Y PUEBLOS -
Subdivisión geográfica MEXICO
9 (RLIN) 5884
905 ## - TIPO DE MATERIAL
Tipo de material Libro
Holdings
Estado de retiro Estado de pérdida Fuente del sistema de clasificación o colocación Estado dañado No para préstamo Código de colección Localización permanente Ubicación/localización actual Ubicación en estantería Total de préstamos Clasificación Código de barras Fecha visto por última vez Número de copia Tipo de ítem Koha
    Library of Congress Classification     Colección General Bib. Gregorio Torres Quintero Bib. Gregorio Torres Quintero Planta baja 1 HT384 M6 M4.5 213504 31/12/2020 1 Libro